| 000 | 01450nam a2200349 a 4500 | ||
|---|---|---|---|
| 001 | ebr10382785 | ||
| 003 | CaPaEBR | ||
| 006 | m u | ||
| 007 | cr cn||||||||| | ||
| 008 | 100609r20051955dcu s 000 0 eng d | ||
| 010 | _z 65027501 | ||
| 020 | _z9780813214467 (pbk.) | ||
| 020 | _z0813214467 (pbk.) | ||
| 020 | _z9780813211299 (e-book) | ||
| 040 |
_aCaPaEBR _cCaPaEBR |
||
| 035 | _a(OCoLC)647919783 | ||
| 041 | 1 |
_aeng _hund |
|
| 050 | 1 | 4 |
_aBR160.E5 _bE54 2005eb |
| 100 | 0 |
_aEusebius, _cof Caesarea, Bishop of Caesarea, _dca. 260-ca. 340. |
|
| 245 | 1 | 0 |
_aEcclesiastical history. _n(Books 6-10) _h[electronic resource] / _ctranslated by Roy J. Deferrari. |
| 260 |
_aWashington, D.C. : _bCatholic University of America Press, _c2005, c1955. |
||
| 300 | _axii, 325 p. | ||
| 490 | 1 |
_aThe fathers of the church : a new translation ; _vv. 29 |
|
| 500 | _aFirst paperback reprint. | ||
| 533 |
_aElectronic reproduction. _bPalo Alto, Calif. : _cebrary, _d2013. _nAvailable via World Wide Web. _nAccess may be limited to ebrary affiliated libraries. |
||
| 650 | 0 |
_aChurch history _yPrimitive and early church, ca. 30-600. |
|
| 655 | 7 |
_aElectronic books. _2local |
|
| 700 | 1 |
_aDeferrari, Roy J. _q(Roy Joseph), _d1890-1969. |
|
| 710 | 2 | _aebrary, Inc. | |
| 830 | 0 |
_aFathers of the church ; _vv. 29. |
|
| 856 | 4 | 0 |
_uhttp://site.ebrary.com/lib/rucke/Doc?id=10382785 _zAn electronic book accessible through the World Wide Web; click to view |
| 999 |
_c103626 _d103626 |
||